[Event "Relampago R-031 corr"]
[Site "CXV corr"]
[Date "2001.07.03"]
[Round "?"]
[White "Sversut, Jose Roberto"]
[Black "De Lira, Carlos Alberto"]
[Result "1-0"]
[WhiteElo "1460"]
[BlackElo "1351"]
[PlyCount "65"]
[EventDate "2001.??.??"]
[EventType "tourn (corr)"]
[EventRounds "6"]
[EventCountry "BRA"]
[SourceTitle "Corr 2004"]
[Source "ChessBase"]
[SourceDate "2003.04.28"]
[SourceVersion "3"]
[SourceVersionDate "2003.04.28"]
[SourceQuality "1"]

1. d4 Nf6 2. c4 e6 3. Nf3 Bb4+ 4. Nc3 0-0 5. Bg5 d5 6. Qb3 a5 7. e3 c6 8. Bd3 Nbd7 9. 0-0 h6 10. a3 Be7 11. Bf4 Nh5 12. Be5 Nxe5 13. Nxe5 Qc7 14. f4 Nf6 15. Qc2 dxc4 16. Bxc4 b6 17. e4 Bb7 18. Rad1 Rfd8 19. Bb3 Rac8 20. f5 Rd6 21. fxe6 fxe6 22. Ng6 Ng4 23. e5 Nxe5 24. dxe5 Rxd1 25. Qxd1 Bc5+ 26. Kh1 Re8 27. Qg4 Bc8 28. Ne4 Be7 29. Bxe6+ Bxe6 30. Qxe6+ Kh7 31. Qf5 Kg8 32. Qf7+ Kh7 33. Qxe8 1-0